Petoria Quiz - Statistics

General Stats
  • This quiz has been taken 17 times
  • The average score is 6 of 9
Answer Stats
Hint Answer % Correct
Founder of Petoria? Peter Griffin
100%
Leader of the space program for Petoria? Chris Griffin
90%
First lady of Petoria? Lois Griffin
90%
President of Poopy? Stewie Griffin
80%
How long did Petoria last? 3 Days
60%
What was the name of the Territory that Petoria annexed from the United States? Joehio
50%
What operation plan was launched to try to take over Petoria? Desert Clam
40%
What day was Petoria Founded? July 4th
30%
What was the other operation plan to try to take over Petoria? Bomb the crap out of your house
20%
No matching quizzes found
Score Distribution
Percent of People with Each Score
Percentile by Number Answered
Your Score History
You have not taken this quiz